书目信息 |
| 题名: |
朗文英语写作活用词典
|
|
| 作者: | ||
| 分册: | ||
| 出版信息: | 北京 商务印书馆 2012 |
|
| 页数: | 33, 2145页 | |
| 开本: | 22cm | |
| 丛书名: | ||
| 单 册: | ||
| 中图分类: | H315-61 | |
| 科图分类: | ||
| 主题词: | 英语--Ying Yu--写作--双解词典 | |
| 电子资源: | ||
| ISBN: | 978-7-100-08844-2 | |
| 000 | 00842nam0 2200241 450 | |
| 001 | 012024000123 | |
| 005 | 20241025221236.0 | |
| 010 | @a978-7-100-08844-2@b精装@dCNY260.00 | |
| 100 | @a20241025d2012 em y0chiy50 ea | |
| 101 | 0 | @achi@aeng |
| 102 | @aCN@b110000 | |
| 105 | @aa z 001yy | |
| 106 | @ar | |
| 200 | 1 | @a朗文英语写作活用词典@ALang Wen Ying Yu Xie Zuo Huo Yong Ci Dian@d= Longman language activator@e英汉双解@zeng |
| 210 | @a北京@c商务印书馆@d2012 | |
| 215 | @a33, 2145页@c彩照@d22cm | |
| 306 | @a本书由商务印书馆与培生教育出版亚洲有限公司合作出版 | |
| 330 | @a本书收录866个关键词按字母顺序编排,并按语义范围列出相关词汇。 | |
| 510 | 1 | @aLongman language activator@zeng |
| 606 | 0 | @a英语@AYing Yu@x写作@j双解词典 |
| 690 | @aH315-61@v5 | |
| 801 | 0 | @aCN@bAHXH@c20241025 |
| 905 | @b214157865@b214157856@f2@dH315-61@e908 | |
| 朗文英语写作活用词典= Longman language activator:英汉双解.-北京:商务印书馆,2012 |
| 33, 2145页:彩照;22cm |
| ISBN 978-7-100-08844-2(精装):CNY260.00 |
| 本书收录866个关键词按字母顺序编排,并按语义范围列出相关词汇。 |
| ● |
| 相关链接 |
|
|
|
|
正题名:朗文英语写作活用词典
索取号:H315-61/908
 
预约/预借
| 序号 | 登录号 | 条形码 | 馆藏地/架位号 | 状态 | 备注 |
| 1 | 1415785 | 214157856 | 第二样本阅览室/ [索取号:H315-61/908] | 在馆 | |
| 2 | 1415786 | 214157865 | 第四借阅区/ [索取号:H315-61/908] | 在馆 |